Basic nursing : (Record no. 288474)
[ view plain ]
| 000 -LEADER | |
|---|---|
| fixed length control field | 02050nam a2200289 a 4500 |
| 001 - CONTROL NUMBER | |
| control field | MEB022296 |
| 003 - CONTROL NUMBER IDENTIFIER | |
| control field | PILC |
| 005 - DATE AND TIME OF LATEST TRANSACTION | |
| control field | 20150825101735.0 |
| 008 - FIXED-LENGTH DATA ELEMENTS--GENERAL INFORMATION | |
| fixed length control field | |
| 020 ## - INTERNATIONAL STANDARD BOOK NUMBER | |
| International Standard Book Number | 0323039375 |
| 050 ## - LIBRARY OF CONGRESS CALL NUMBER | |
| Classification number | RT 71 |
| Item number | .P854 2007 |
| 100 ## - MAIN ENTRY--PERSONAL NAME | |
| Personal name | Potter, Patricia A. |
| 245 00 - TITLE STATEMENT | |
| Title | Basic nursing : |
| Remainder of title | essentials for practice / |
| Statement of responsibility, etc | Patricia A. Potter, Anne Griffin Perry. |
| 250 ## - EDITION STATEMENT | |
| Edition statement | 6th edition. |
| 260 ## - PUBLICATION, DISTRIBUTION, ETC. (IMPRINT) | |
| Place of publication, distribution, etc | St. Louis, Mo. : |
| Name of publisher, distributor, etc | Mosby Elsevier, |
| Date of publication, distribution, etc | 2007. |
| 300 ## - PHYSICAL DESCRIPTION | |
| Extent | xxiv, 1176 pages : |
| Other physical details | illustrations ; |
| Dimensions | 29 cm. |
| 500 ## - GENERAL NOTE | |
| General note | Accompanied by 1 CD-ROM containing video clips, a searchable audio glossary, a Spanish/English audio glossary, Butterfield's Fluids & Electrolytes Tutorial, and additional NCLEX examination-style review questions. |
| 500 ## - GENERAL NOTE | |
| General note | Includes bibliographical references and index. |
| 505 0# - FORMATTED CONTENTS NOTE | |
| Title | Concepts in health care. Health and wellness; The health care delivery system; Community-based nursing practice; Legal principles in nursing; Ethics. -- |
| -- | Processes in nursing care. Critical thinking and nursing judgment; Nursing process; Documenting and reporting; Communication; Patient education. -- |
| -- | Principles for nursing practice. Infection control; Vital signs; Health assessment and physical examination; Administering medicaitons; Fluid, electrolyte, and acid-base balance. -- |
| 505 0# - FORMATTED CONTENTS NOTE | |
| Title | Principles for caring. Caring in nursing practice; Cultural diversity; Spiritual health; Growth and development; Self-concept and sexuality; Family context in nursing; Stress and coping; Loss and grief; Managing patient care. -- |
| -- | Caring for patients' basic human needs. Exercise and activity; Safety; Hygiene; Oxygenation; Sleep; Promoting comfort; Nutrition; Urinary elimination; Bowel elimination. -- |
| -- | Caring for patients' special needs. Immobility; Skin integrity and wound care; Sensory alterations; Surgical patient. |
| 650 #0 - SUBJECT ADDED ENTRY--TOPICAL TERM | |
| Topical term or geographic name as entry element | Nursing. |
| 650 #0 - SUBJECT ADDED ENTRY--TOPICAL TERM | |
| Topical term or geographic name as entry element | Nursing |
| General subdivision | Study and teaching. |
| 650 #0 - SUBJECT ADDED ENTRY--TOPICAL TERM | |
| Topical term or geographic name as entry element | Nursing Care. |
| 650 #0 - SUBJECT ADDED ENTRY--TOPICAL TERM | |
| Topical term or geographic name as entry element | Nursing Process. |
| 700 1# - ADDED ENTRY--PERSONAL NAME | |
| Personal name | Perry, Anne Griffin. |
| 942 ## - ADDED ENTRY ELEMENTS (KOHA) | |
| Source of classification or shelving scheme | Library of Congress Classification |
| Koha item type | Books |
| Withdrawn status | Lost status | Source of classification or shelving scheme | Damaged status | Home library | Current library | Shelving location | Date acquired | Source of acquisition | Sub Shelving location | Total Checkouts | Full call number | Barcode | Date last seen | Price effective from | Koha item type |
|---|---|---|---|---|---|---|---|---|---|---|---|---|---|---|---|
| Library of Congress Classification | College Library | College Library | General Circulation Section | 08/25/2015 | Donation | RT 71 .P854 2007 | C19769 | 05/15/2018 | 08/25/2015 | Books |